| 000 -LEADER |
| fixed length control field |
00403cam a22001097a 4500 |
| 008 - FIXED-LENGTH DATA ELEMENTS--GENERAL INFORMATION |
| fixed length control field |
180718b-- xxu||||| |||| 00| 0 eng d |
| 082 ## - DEWEY DECIMAL CLASSIFICATION NUMBER |
| Classification number |
B71103x5465 A/RE |
| 100 ## - MAIN ENTRY--PERSONAL NAME |
| Personal name |
Andaman and Nicobar Islands. Ministry of Law, Justice and Company Affairs (Legislative Department) |
| 245 ## - TITLE STATEMENT |
| Title |
The Andaman and Nicobar Islands (panchayats) regulation |
| 260 ## - PUBLICATION, DISTRIBUTION, ETC. |
| Place of publication, distribution, etc. |
Port Blair |
| Name of publisher, distributor, etc. |
The author |
| Date of publication, distribution, etc. |
-- |
| 500 ## - GENERAL NOTE |
| General note |
Library has 1994 |